Chapman Library

Financial accounting / (Record no. 1302)

000 -LEADER
fixed length control field 00522pam a2200169 a 4500
020 ## - INTERNATIONAL STANDARD BOOK NUMBER
ISBN 0070434360 (alk. paper)
050 00 - LIBRARY OF CONGRESS CALL NUMBER
Classification number HF5635
245 00 - TITLE STATEMENT
Title Financial accounting /
250 ## - EDITION STATEMENT
Edition statement 9th ed.
260 ## - PUBLICATION, DISTRIBUTION, ETC. (IMPRINT)
Place of publication Boston, Mass. :
Name of publisher Irwin/McGraw-Hill,
Year of publication c1998.
300 ## - PHYSICAL DESCRIPTION
Number of Pages 1 v. (various pagings) :
Other physical details col. ill. ;
500 ## - GENERAL NOTE
General note Rev. ed. of: Financial accounting / Robert F. Meigs, Walter B. Meigs, Mary A. Meigs. 8th ed. c1995.
650 #0 - SUBJECT ADDED ENTRY--TOPICAL TERM
Topical Term Accounting.
700 1# - ADDED ENTRY--PERSONAL NAME
Personal name Meigs, Robert F.
Personal name Meigs, Robert F.
942 ## - ADDED ENTRY ELEMENTS (KOHA)
Koha item type Books
Holdings
Koha item type Collection code Shelving location Accession Number Permanent Location Current Location Date acquired Full call number
BooksLendingLending2235Chapman LibraryChapman Library2017-01-11HF5635mei


CSUC Chapman Library is a Koha Automated Library.


Contact us: library@csuc.edu.gh.